| 000 | 00492nam a2200229Ia 4500 | ||
|---|---|---|---|
| 003 | IT-RoPAU | ||
| 008 | 120407s9999 xx 000 0 und d | ||
| 040 | _aIT-RoPAU | ||
| 040 | _cIT-RoPAU | ||
| 041 | _aita | ||
| 100 | _aJohn L. Thomas | ||
| 245 | _aLa Coppia felice. | ||
| 250 | _aCinisello Balsamo | ||
| 260 | _aEdizioni Paoline | ||
| 260 | _c1989 | ||
| 300 | _a202 p. | ||
| 300 | _c20 cm | ||
| 490 | _aProgetto famiglia, 18 | ||
| 490 | _v1 | ||
| 942 | _cBK | ||
| 999 |
_c28429 _d28429 |
||